000 00222nam a2200097Ia 4500
008 170619s9999 xx 000 0 und d
100 _aBedi- Suresh
245 0 _aBusiness environment
260 _bNew Delhi Excel
260 _c2006
546 _aENGLISH
999 _c22235
_d22235